Costs (Record no. 82366)

MARC details
000 -LEADER
fixed length control field 00576cab a22002055a 4500
001 - CONTROL NUMBER
control field L150044
008 - FIXED-LENGTH DATA ELEMENTS--GENERAL INFORMATION
fixed length control field 100525s2010 xxkd f 000 0 eng d
035 ## - SYSTEM CONTROL NUMBER
System control number (Sirsi) u150044
041 0# - LANGUAGE CODE
Language code of text/sound track or separate title eng
100 1# - MAIN ENTRY--PERSONAL NAME
Personal name Barnett, Neil
110 2# - MAIN ENTRY--CORPORATE NAME
Corporate name or jurisdiction name as entry element Architects' Journal
245 00 - TITLE STATEMENT
Title Costs
Remainder of title timber
260 ## - PUBLICATION, DISTRIBUTION, ETC.
Date of publication, distribution, etc. 2010
490 #0 - SERIES STATEMENT
Series statement Architects' Journal
Volume/sequential designation May 2010, 34(1)
520 ## - SUMMARY, ETC.
Summary, etc. Costs for timber, joinery and related products for April 2010 at UK mean location.
590 ## - LOCAL NOTE (RLIN)
Local note KA
651 #4 - SUBJECT ADDED ENTRY--GEOGRAPHIC NAME
Geographic name England and Wales
Chronological subdivision 1543-
690 ## - LOCAL SUBJECT ADDED ENTRY--TOPICAL TERM (OCLC, RLIN)
Topical term or geographic name as entry element BUILT ENVIRONMENT-BUILDING COSTS
942 ## - ADDED ENTRY ELEMENTS (KOHA)
Suppress in OPAC 0
Holdings
Withdrawn status Lost status Source of classification or shelving scheme Damaged status Not for loan Home library Current library Shelving location Date acquired Total Checkouts Full call number Barcode Date last seen Copy number Price effective from Koha item type
    Dewey Decimal Classification     London London Journal article 25/05/2010   L150044 150044-1001 06/08/2019 1 06/08/2019 Journal article